书目信息 |
| 题名: |
黄瓜疑难杂症图片对照诊断与处方
|
|
| 作者: | 孙茜 , 潘阳 主编 | |
| 分册: | ||
| 出版信息: | 北京 中国农业出版社 2016.01 |
|
| 页数: | 117页 | |
| 开本: | 21cm | |
| 丛书名: | 无公害蔬菜病虫害防治实战丛书 | |
| 单 册: | ||
| 中图分类: | S436.421 | |
| 科图分类: | ||
| 主题词: | 黄瓜--huang gua--病虫害防治--图谱 | |
| 电子资源: | ||
| ISBN: | 978-7-109-21138-4 | |
| 000 | 01055nam 2200277 450 | |
| 001 | 0106081835 | |
| 005 | 20201109085447.48 | |
| 010 | @a978-7-109-21138-4@dCNY26.00 | |
| 100 | @a20160225e20192016em y0chiy50 ea | |
| 101 | 0 | @achi |
| 102 | @aCN@b110000 | |
| 105 | @aa z 000yy | |
| 106 | @ar | |
| 200 | 1 | @a黄瓜疑难杂症图片对照诊断与处方@Ahuang gua yi nan za zheng tu pian dui zhao zhen duan yu chu fang@f孙茜, 潘阳主编 |
| 205 | @a2版 | |
| 210 | @a北京@c中国农业出版社@d2016.01@h2019.07 | |
| 215 | @a117页@c彩照@d21cm | |
| 225 | 2 | @a无公害蔬菜病虫害防治实战丛书@Awu gong hai shu cai bing chong hai fang zhi shi zhan cong shu |
| 330 | @a本书介绍了黄瓜病害的诊断、黄瓜生理性病害的诊断与防治、黄瓜药害的诊断与救治、黄瓜肥害的诊断与救治、黄瓜虫害与救治等内容。 | |
| 461 | 0 | @12001 @a无公害蔬菜病虫害防治实战丛书 |
| 606 | 0 | @a黄瓜@Ahuang gua@x病虫害防治@j图谱 |
| 690 | @aS436.421@v5 | |
| 701 | 0 | @a孙茜@Asun qian@c(女,@f1957-)@4主编 |
| 701 | 0 | @a潘阳@Apan yang@4主编 |
| 801 | 0 | @aCN@bBJSZM@c20201106 |
| 905 | @b1192780-3@dS436.421@e189=2@f4 | |
| 黄瓜疑难杂症图片对照诊断与处方/孙茜, 潘阳主编.-2版.-北京:中国农业出版社,2016.01(2019.07) |
| 117页:彩照;21cm.-(无公害蔬菜病虫害防治实战丛书) |
| ISBN 978-7-109-21138-4:CNY26.00 |
| 本书介绍了黄瓜病害的诊断、黄瓜生理性病害的诊断与防治、黄瓜药害的诊断与救治、黄瓜肥害的诊断与救治、黄瓜虫害与救治等内容。 |
| ● |
| 相关链接 |
|
|
|
|
正题名:黄瓜疑难杂症图片对照诊断与处方
索取号:S436.421/189=2
 
预约/预借
| 序号 | 登录号 | 条形码 | 馆藏地/架位号 | 状态 | 备注 |
| 1 | 1192780 | 211927806 | 第二样本阅览室/ [索取号:S436.421/189=2] | 在馆 | |
| 2 | 1192781 | 211927815 | 第三借阅区/ [索取号:S436.421/189=2] | 在馆 | |
| 3 | 1192782 | 211927824 | 第三借阅区/ [索取号:S436.421/189=2] | 在馆 | |
| 4 | 1192783 | 211927833 | 第三借阅区/ [索取号:S436.421/189=2] | 在馆 |